| 000 | 00557nam a2200205 i 4500 | ||
|---|---|---|---|
| 001 | 78895 | ||
| 003 | ES-MaACL | ||
| 005 | 20250825062719.0 | ||
| 007 | t| | ||
| 008 | 041018s1963 sp ||||1| spa d | ||
| 100 | 1 |
_aHelman, Edith. _962465 |
|
| 245 | 1 | 0 |
_aTrasmundo de Goya / _cEdith Helman. |
| 260 |
_aMadrid : _bRevista de Occidente, _c[1963] |
||
| 300 |
_a261 p., 40 lám. ; _c22 cm. |
||
| 600 | 1 | 4 |
_aGoya, Francisco de, _d1746-1828 _9240353 |
| 655 | 0 |
_aBiografías _9176647 |
|
| 852 |
_aES-MaACL _jC-24828 |
||
| 942 | _2udc | ||
| 999 |
_c78895 _d78895 |
||